书目信息 |
| 题名: |
水环境工程学
|
|
| 作者: | 温东辉 编著 | |
| 分册: | ||
| 出版信息: | 北京 北京大学出版社 2025.02 |
|
| 页数: | 409页 | |
| 开本: | 26cm | |
| 丛书名: | ||
| 单 册: | ||
| 中图分类: | X52 | |
| 科图分类: | ||
| 主题词: | 水污染防治--shui wu ran fang zhi--高等学校--教材 | |
| 电子资源: | ||
| ISBN: | 978-7-301-35873-3 | |
| 000 | 01102nam0 2200277 450 | |
| 001 | 92444 | |
| 005 | 20250818084833.96 | |
| 010 | @a978-7-301-35873-3@dCNY78.00 | |
| 099 | @aCAL 012025011783 | |
| 100 | @a20250226d2025 em y0chiy50 ea | |
| 101 | 0 | @achi |
| 102 | @aCN@b110000 | |
| 105 | @aak a 000yy | |
| 106 | @ar | |
| 200 | 1 | @a水环境工程学@Ashui huan jing gong cheng xue@d= Water environment engineering@f温东辉编著@zeng |
| 210 | @a北京@c北京大学出版社@d2025.02 | |
| 215 | @a409页@c图@d26cm | |
| 300 | @a环境科学与工程本科专业核心课程教材 | |
| 320 | @a有书目 | |
| 330 | @a本书将系统介绍水污染治理与水环境保护的基本理论和技术发展, 重点内容有水质净化与水污染控制工程的概念、指标和标准、处理技术的原理、操作和应用等。主要包括水污染与水体自净, 水质标准与处理工程体系, 水的物理化学处理方法, 水的生物化学处理方法, 流域水环境保护与修复工程等。 | |
| 510 | 1 | @aWater environment engineering@zeng |
| 606 | 0 | @a水污染防治@Ashui wu ran fang zhi@x高等学校@x教材 |
| 690 | @aX52@v5 | |
| 701 | 0 | @a温东辉@Awen dong hui@4编著 |
| 801 | 0 | @aCN@c20250909 |
| 905 | @a河南城建学院图书馆@dX52@eW616@f1 | |
| 水环境工程学= Water environment engineering/温东辉编著.-北京:北京大学出版社,2025.02 |
| 409页:图;26cm |
| 环境科学与工程本科专业核心课程教材 |
| ISBN 978-7-301-35873-3:CNY78.00 |
| 本书将系统介绍水污染治理与水环境保护的基本理论和技术发展, 重点内容有水质净化与水污染控制工程的概念、指标和标准、处理技术的原理、操作和应用等。主要包括水污染与水体自净, 水质标准与处理工程体系, 水的物理化学处理方法, 水的生物化学处理方法, 流域水环境保护与修复工程等。 |
| ● |
| 相关链接 |
|
|
|
正题名:水环境工程学
索取号:X52/W616
 
预约/预借
| 序号 | 登录号 | 条形码 | 馆藏地/架位号 | 状态 | 备注 |
| 1 | 1626408 | 216264085 | 自科库501/501自科库 100排2列5层/ [索取号:X52/W616] | 在馆 |